| 000 | 006300000a22001810004500 | ||
|---|---|---|---|
| 003 | MACL | ||
| 005 | 20160528160204.0 | ||
| 008 | 160528b xxu||||| |||| 00| 0 eng d | ||
| 040 |
_aMACL _cMACL |
||
| 041 | _aHindi | ||
| 082 | _a891.433 | ||
| 100 |
_aकपूर, मस्तराम _92298 |
||
| 245 |
_aदो दूनी पांच _cमस्तराम कपूर |
||
| 260 |
_bअनामिका पब्लिशर्स एंड डिस्ट्रीब्यूटर्स _c2008 _aदिल्ली |
||
| 350 | _a300 | ||
| 650 |
_aNovel _960677 |
||
| 942 |
_cHIN _k891.431/KAP/N _2ddc |
||
| 999 |
_c44382 _d44382 |
||